LEADER 01136cam2 22002771 450 001 SOBE00053343 005 20220707074833.0 010 $a3465028910 100 $a20160926d1997 |||||ita|0103 ba 101 $ager 102 $aDE 200 1 $a<>deutsche Idealismus (Fichte, Schelling, Hegel) und die philosophische Problemlage der Gegenwart$fMartin Heidegger 210 $aFrankfurt am Main$cKlostermann$d1997 215 $aXII, 367 p.$d21 cm 300 $aNella pagina contro il frontespizio: 2. Abteilung: Vorlesungen 1919-1944 461 1$1001E600200057089$12001 $aGesamtausgabe / Martin Heidegger$v28 700 1$aHeidegger$b, Martin$3AF00018667$4070$010351 801 0$aIT$bUNISOB$c20220707$gRICA 850 $aUNISOB 852 $aUNISOB$j100|Coll|59|K$m90793 912 $aSOBE00053343 940 $aM 102 Monografia moderna SBN 941 $aM 957 $a100|Coll|59|K$b000022$gSI$d90793$racquisto$tN$1menle$2UNISOB$3UNISOB$420160926150651.0$520220707074833.0$6Alfano 996 $aDeutsche Idealismus (Fichte, Schelling, Hegel) und die philosophische Problemlage der Gegenwart$9145797 997 $aUNISOB LEADER 01675nam0 22003853i 450 001 VAN0278696 005 20240627091521.664 017 70$2N$a9783031252259 100 $a20240627d2023 |0itac50 ba 101 $aeng 102 $aCH 105 $a|||| ||||| 200 1 $aAdvances in Discrete Dynamical Systems, Difference Equations and Applications$e26th ICDEA, Sarajevo, Bosnia and Herzegovina, July 26-30, 2021$fSaber Elaydi, Mustafa R. S. Kulenovi?, Senada Kalabu?i? editors 210 $aCham$cSpringer$d2023 215 $avii, 539 p.$cill.$d24 cm 410 1$1001VAN0102574$12001 $aSpringer proceedings in mathematics & statistics$1210 $aBerlin [etc.]$cSpringer$d2012-$v416 610 $aBifurcation$9KW:K 610 $aDiscrete Chaos$9KW:K 610 $aDiscrete-time models$9KW:K 610 $aDynamical behavior$9KW:K 610 $aFunctional equations$9KW:K 610 $aMathematical Economics$9KW:K 610 $aMathematical biology$9KW:K 620 $aCH$dCham$3VANL001889 702 1$aElaydi$bSaber N.$3VANV035885 702 1$aKalabu?i?$bSenada$3VANV231257 702 1$aKulenovi?$bMustafa R. S.$3VANV231256 712 12$aInternational Conference on Difference Equations and Applications$d26.$f2021$eSarajevo$3VANV231258 712 $aSpringer $3VANV108073$4650 801 $aIT$bSOL$c20240628$gRICA 856 4 $uhttps://doi.org/10.1007/978-3-031-25225-9$zE-book ? Accesso al full-text attraverso riconoscimento IP di Ateneo, proxy e/o Shibboleth 912 $fN 912 $aVAN0278696 996 $aAdvances in discrete dynamical systems, difference equations and applications$93418316 997 $aUNICAMPANIA